IFM Opac

PLANNING EDUCATION ASSISTANCE FOR THE SECOND DEVELOPMENT DECADE (Record no. 19872)

MARC details
000 -LEADER
fixed length control field 00313nam a22001217a 4500
020 ## - INTERNATIONAL STANDARD BOOK NUMBER
International Standard Book Number 9280310550
082 ## - DEWEY DECIMAL CLASSIFICATION NUMBER
Classification number 370.1965 PHI
100 ## - MAIN ENTRY--PERSONAL NAME
Personal name PHILLIPS , H.M.
245 ## - TITLE STATEMENT
Title PLANNING EDUCATION ASSISTANCE FOR THE SECOND DEVELOPMENT DECADE
260 ## - PUBLICATION, DISTRIBUTION, ETC.
Place of publication, distribution, etc. PARIS
Name of publisher, distributor, etc. UNESCO
Date of publication, distribution, etc. 1973
300 ## - PHYSICAL DESCRIPTION
Extent 75p.
Other physical details :ill.; 20cm.
942 ## - ADDED ENTRY ELEMENTS (KOHA)
Koha item type Books
Holdings
Withdrawn status Lost status Damaged status Not for loan Home library Current library Shelving location Date acquired Total Checkouts Full call number Date last seen Price effective from Koha item type
        IFM Main Campus Library IFM Main Campus Library Archival Collection 05/15/2015   370.1965 PHI 08/15/2018 08/15/2018 Books